000 00465nam a22001457a 4500
020 _qHard Copy.
040 _cSINES-NUST.
082 _a570.2
_bIQB
100 _aMaliha Iqbal.
_9104157
245 _aIdentification and Modeling of Significant External Factors Causing Bovine Mastitis in Cows using ML Methods /
_cIqbal, Maliha
260 _aIslamabad:
_bSINES-NUST,
_c2022.
300 _a42 p. :
_bill. ;
_c35cm.
650 _xMS-Bioinformatics.
942 _2ddc
_cTHE
999 _c592596
_d592596